Performance profiles of foot versus motor officers

Guardado en:  
Detalles Bibliográficos
Autores principales: Payne, Dennis M. (Autor) ; Trojanowicz, Robert C. (Autor)
Tipo de documento: Print Libro
Lenguaje:Inglés
Publicado: [East Lansing, MI] National Neighborhood Foot Patrol Center 1985
En: Community policing series (6)
Año: 1985
Disponibilidad en Tübingen:Disponible en Tübingen.
UB: KB 7 E 398
Verificar disponibilidad: HBZ Gateway
Servicio de pedido Subito: Pedir ahora.

MARC

LEADER 00000cam a22000002c 4500
001 1091473536
003 DE-627
005 20251224220402.0
007 tu
008 900830s1985 xx ||||| 00| ||eng c
035 |a (DE-627)1091473536 
035 |a (DE-576)021473536 
035 |a (DE-599)BSZ021473536 
035 |a (OCoLC)13863227 
040 |a DE-627  |b ger  |c DE-627  |e rakwb 
041 |a eng 
082 0 |a 363.28097743 
100 1 |a Payne, Dennis M.  |4 aut 
245 1 0 |a Performance profiles of foot versus motor officers  |c Dennis M. Payne; Robert C. Trojanowicz 
264 1 |a [East Lansing, MI]  |b National Neighborhood Foot Patrol Center  |c 1985 
300 |a 32 S. 
336 |a Text  |b txt  |2 rdacontent 
337 |a ohne Hilfsmittel zu benutzen  |b n  |2 rdamedia 
338 |a Band  |b nc  |2 rdacarrier 
490 1 |a Community policing series  |v 6 
583 1 |a Archivierung prüfen  |c 20200919  |f DE-640  |z 1  |2 pdager 
700 1 |a Trojanowicz, Robert C.  |0 (DE-627)1233350870  |0 (DE-576)163350876  |4 aut 
830 0 |a Community policing series  |v 6  |9 6  |w (DE-627)1083409484  |w (DE-576)013409484  |7 am 
951 |a BO 
ELC |b 1 
LOK |0 000 xxxxxcx a22 zn 4500 
LOK |0 001 2150158523 
LOK |0 003 DE-627 
LOK |0 004 1091473536 
LOK |0 005 19900830000000 
LOK |0 008 900830||||||||||||||||ger||||||| 
LOK |0 040   |a DE-21  |c DE-627  |d DE-21 
LOK |0 852   |a DE-21 
LOK |0 852 1  |c KB 7 E 398  |9 00 
LOK |0 935   |a krim 
LOK |0 936ln  |a k1 
LOK |0 939   |a 30-08-90  |b l01 
ORI |a SA-MARC-krimdoka001.raw 
SIG |a UB: KB 7 E 398